[Event "GER-chT U16"]
[Site "Aurich"]
[Date "2018.12.28"]
[Round "4.4"]
[White "Koch, Christoph1111"]
[Black "Aptyka, Tim"]
[Result "0-1"]
[WhiteElo "1103"]
[BlackElo "1534"]
[PlyCount "77"]
[EventDate "2018.12.27"]
[EventType "team-swiss"]
[EventRounds "7"]
[EventCountry "GER"]
[SourceTitle "CBM 188 Extra"]
[Source "ChessBase"]
[SourceDate "2019.02.26"]
[SourceVersion "1"]
[SourceVersionDate "2019.02.26"]
[SourceQuality "1"]
[WhiteTeam "Gernsbach"]
[BlackTeam "Hohentuebingen"]
[WhiteTeamCountry "GER"]
[BlackTeamCountry "GER"]

1. e4 c5 2. Nc3 a6 3. Nf3 e6 4. d4 cxd4 5. Nxd4 Qc7 6. a3 Nf6 7. Be3 Bc5 8. Bc4 b5 9. Bb3 Bb7 10. f3 Qb6 11. Qd2 0-0 12. 0-0 Nc6 13. Nce2 g6 14. Bf2 Ne7 15. c3 Kh8 16. Bh4 Neg8 17. Bf2 Nh5 18. Bc2 Qc7 19. Nb3 Bd6 20. g3 Rad8 21. Na5 Bxg3 22. Nxg3 Nxg3 23. Nxb7 Nxf1 24. Rxf1 Qxb7 25. Bh4 f6 26. Qd4 e5 27. Qd6 Qc6 28. Qb4 d6 29. Bb3 Qc5+ 30. Qxc5 dxc5 31. a4 Rd3 32. Ba2 Rd2 33. Rb1 Ne7 34. axb5 axb5 35. Be6 Kg7 36. Bf2 c4 37. Be1 Rd3 38. Kg2 Nc6 39. Bd5 0-1

[Event "GER-chT U12"]
[Site "Magdeburg"]
[Date "2016.12.29"]
[Round "5.3"]
[White "Aptyka, Tim"]
[Black "Mueller, Magnus"]
[Result "0-1"]
[WhiteElo "1524"]
[BlackElo "1513"]
[PlyCount "112"]
[EventDate "2016.12.27"]
[EventType "team-swiss"]
[EventRounds "7"]
[EventCountry "GER"]
[SourceTitle "EXT 2018"]
[Source "ChessBase"]
[SourceDate "2017.10.13"]
[SourceVersion "1"]
[SourceVersionDate "2017.10.13"]
[SourceQuality "1"]
[WhiteTeam "Hohentuebingen"]
[BlackTeam "Gera"]
[WhiteTeamCountry "GER"]
[BlackTeamCountry "GER"]

1. e4 e5 2. f4 d5 3. d4 exf4 4. Bxf4 dxe4 5. Nc3 Bb4 6. d5 Nf6 7. Bc4 Nbd7 8. Qd2 Nb6 9. Bb5+ Bd7 10. Bxd7+ Qxd7 11. 0-0-0 0-0-0 12. a3 Bxc3 13. Qxc3 Nfxd5 14. Qxg7 Rdg8 15. Qe5 Re8 16. Qg5 Reg8 17. Qe5 Qg4 18. Bg3 Qg5+ 19. Kb1 Qxe5 20. Bxe5 f6 21. Bg3 h5 22. Rd2 h4 23. Be1 f5 24. g3 hxg3 25. Bxg3 Rxg3 26. hxg3 Rxh1 27. Rd1 f4 28. gxf4 Nxf4 29. Kc1 Rxg1 30. Rxg1 Ne2+ 31. Kd2 Nxg1 32. Ke3 Nc4+ 33. Kxe4 Nxb2 34. c3 Nc4 35. a4 a5 36. Kd4 Nb6 37. c4 Nxa4 38. Kd3 Nb2+ 39. Kc3 Nxc4 40. Kxc4 b6 41. Kb5 Kb7 42. Ka4 Ka6 43. Kb3 b5 44. Ka3 c5 45. Kb3 a4+ 46. Ka3 Ka5 47. Kb2 Ne2 48. Ka2 Kb4 49. Kb2 c4 50. Ka2 Kc3 51. Kb1 Kd2 52. Kb2 c3+ 53. Kb1 c2+ 54. Ka2 b4 55. Ka1 c1Q+ 56. Ka2 Nc3# 0-1